000 00864nam a2200265Ia 4500
003 OSt
005 20220925213938.0
006 a|||||r|||| 00| 0
007 ta
008 220923b |||||||| |||| 00| 0 eng d
020 _a9781420093360
_c3605.6700000000001
037 _b93, 19/11/2010, AVIVA BOOKS COMPANY
_cGeneral Book
040 _aRTL
_cRTL
_beng
041 _2eng
_aeng
082 _aX:(B286), Q0
100 _aPrado Raquel
_9279230
245 0 _aTime series
_b Modeling, computation, and inference
260 _aLondon
_bCRC Press
_c2010
300 _axx, 353p Bibliography: P 321-37
_ccm.
490 _aTexts in Statistical Science
650 _aEconomics
700 _a West Mike
_9279231
942 _hX:(B286), Q0
_cGB
_2CC
999 _c564088
_d564088